<?xml version="1.0" encoding="UTF-8"?>
<collection xmlns="http://www.loc.gov/MARC21/slim">
  <record>
    <leader>00000nam  2200000   4500</leader>
    <controlfield tag="001">INLIS000000000001215</controlfield>
    <controlfield tag="005">20180724141516</controlfield>
    <controlfield tag="008">180724|||||||||   |   |||   |||| ||   | </controlfield>
    <datafield tag="035" ind1=" " ind2=" ">
      <subfield code="0">010-0718001215</subfield>
    </datafield>
    <datafield tag="041" ind1=" " ind2=" ">
      <subfield code="a">id</subfield>
    </datafield>
    <datafield tag="082" ind1=" " ind2=" ">
      <subfield code="a">NONE</subfield>
    </datafield>
    <datafield tag="100" ind1=" " ind2=" ">
      <subfield code="a">Widodo,Prof.Dr.Rer.Nat</subfield>
    </datafield>
    <datafield tag="245" ind1=" " ind2=" ">
      <subfield code="a">Peningkatan Efisiensi Efektifitas Dan Percepatan Pencapaian Sasaran Diklat Guru Matematika Melalui E-Training Terstruktur</subfield>
    </datafield>
    <datafield tag="260" ind1=" " ind2=" "/>
    <datafield tag="650" ind1=" " ind2=" ">
      <subfield code="a">Peningktan Efisiensi Efektifitas</subfield>
    </datafield>
  </record>
</collection>
